000 00829cam a2200241 a 4500
001 000000855
005 20200929145427.0
008 850912s1981 cu b 000 0dspa
040 _aDO-SdBNP
_cDLC
_dDLC
082 _a808.068
_bE43n
100 1 _aElizagaray, Alga Marina,
_d1937-
_93040
245 1 0 _aNiños, autores y libros /
_cAlga Marina Elizagaray.
260 _aCiudad de La Habana, Cuba :
_bGente Nueva,
_bUniverso,
_cc1981.
300 _a205 p. ;
_c19 cm.
504 _aBibliografía: p. 178-180.
500 _aIncluye índice.
650 4 _aLiteratura infantil
_xHistoria y crítica
_93041
650 4 _aInfantil
_xLibros y lectura
_zCuba
_93042
650 4 _aAutores
_ySIGLO XIX
_xBiografías
_93043
650 4 _aAutores
_ySIGLO XX
_xBiografía
_93044
710 2 _aUniverso
_93045
910 _aCatalogación por copia/LC/CC
999 _c851
_d851